Poema del mío cid / (Registro nro. 3600)

Detalles MARC
000 -LEADER
fixed length control field 00926nam a2200229Ia 4500
003 - CONTROL NUMBER IDENTIFIER
control field OSt
005 - DATE AND TIME OF LATEST TRANSACTION
control field 20250702125747.0
008 - FIXED-LENGTH DATA ELEMENTS--GENERAL INFORMATION
fixed length control field 191128t1997 mx er 000 f spa d
020 ## - INTERNATIONAL STANDARD BOOK NUMBER
International Standard Book Number 9684321937
040 ## - CATALOGING SOURCE
Original cataloging agency CO-JMCR
Transcribing agency CO-JMCR
041 0# - LANGUAGE CODE
Language code of text/sound track or separate title spa
082 04 - DEWEY DECIMAL CLASSIFICATION NUMBER
Classification number A-P
Item number POEp1
245 00 - TITLE STATEMENT
Title Poema del mío cid /
Statement of responsibility, etc. versión antigua con prologo y versión moderna de Amancio Bolaños e Isla
250 ## - EDITION STATEMENT
Edition statement Vigesimosegunda edición
260 ## - PUBLICATION, DISTRIBUTION, ETC.
Place of publication, distribution, etc. México :
Name of publisher, distributor, etc. Porrúa,
Date of publication, distribution, etc. ©1997.
300 ## - PHYSICAL DESCRIPTION
Extent xxiv, 279 páginas ;
Dimensions 22 cm.
490 0# - SERIES STATEMENT
Series statement Sepan cuantos ;
Volume/sequential designation 85
520 3# - SUMMARY, ETC.
Summary, etc. "El texto está dividido en tres partes: Cantar del destierro; Cantar de las bodas y Cantar de la afrenta de Corpes. Las características del héroe corresponden a los de la épica caballeresca, religiosa, nacionalista y guerrera".
650 14 - SUBJECT ADDED ENTRY--TOPICAL TERM
Topical term or geographic name entry element Poesía épica española.
9 (RLIN) 9438
700 1# - ADDED ENTRY--PERSONAL NAME
Personal name Bolaño e Isla, Amancio,
Relator term próloguista
9 (RLIN) 9437
942 ## - ADDED ENTRY ELEMENTS (KOHA)
Source of classification or shelving scheme Dewey Decimal Classification
Koha item type Books
Existencias
Withdrawn status Lost status Source of classification or shelving scheme Damaged status Not for loan Collection code Home library Current library Date acquired Source of acquisition Full call number Barcode Date last seen Copy number Koha item type Public note
    Dewey Decimal Classification     Fiction Biblioteca Pública José María del Castillo y Rada Biblioteca Pública José María del Castillo y Rada 11/28/2019 Donación A-P POEp1 201807470 11/28/2019 Ej.1 Books Exlibris: en portada "Andrea Chiappe" con esfero, algunas páginas rayadas con lápiz.